000 00852nam a2200217Ii 4500
003 JO-AjNU
008 230605s9999||||xx |||||||||||||| ||und||
020 _a2-7451-2243-6
040 _aJO-AjNU
_bara
_erda
_cJO-AjNU
041 _aara
050 1 4 _aPJ7745.J3.2003
100 3 _aتأليف الجاحظ، أبي عثمان عمرو؛ وضع حواشيه محمد باسل عيون السود,
_eauthor
_911468
245 0 0 _a كتاب الحيوان
250 _aط2
264 3 1 _aبيروت،لبنان: دار الكتب العلمية، 2003
300 _aمج3(5-6)،599ص
336 _atext
_btxt
_2rdacontent
337 _aunmediated
_bn
_2rdamedia
338 _avolume
_bnc
_2rdacarrier
650 4 _aالحيوانات في الأدب العربي -- الأدب العربي -- العصر العباسي، 750-1258 -- مجموعات
_911469
999 _aA2341
_c5909
_d5909